| 000 | 00405nam a2200145Ia 4500 | ||
|---|---|---|---|
| 008 | 210716s2007 xx 000 0 und d | ||
| 020 | _a9788120332430 | ||
| 041 | _aeng | ||
| 082 | _a003.55 KELS | ||
| 100 | _aKelkar, S A. | ||
| 245 |
_aInformation technology project management: concise study. _bConcise study. |
||
| 250 | _a2 | ||
| 260 |
_aNew Delhi _bPrentice hall of india. _c2007 |
||
| 300 | _axi,784 | ||
| 999 |
_c188613 _d188613 |
||